000 00431nam a2200193Ia 4500
005 20251020182543.0
008 200515s9999 xx 000 0 und d
082 _a747.01/C90
100 _aCultural S. A.
245 0 _aDecoración de interiores
260 _aMadrid
260 _c2001
300 _a224
500 _a1 ejemplar
650 _aDECORACION
650 _aDISEÑO DE INTERIORES
650 _aLIB
942 _cLIB
999 _c2470
_d2470